| 000 | 00350nam a2200121Ia 4500 | ||
|---|---|---|---|
| 008 | 220204s9999 xx 000 0 und d | ||
| 082 |
_a633.88 _bHAN |
||
| 245 | 0 | _aSupplement to cultivation and utilization of medicinal plants | |
| 260 |
_aJammu-Tawi _bRegional Research Laboratory _c1996 |
||
| 700 | _aHanda, S S | ||
| 700 | _aKaul, M K | ||
| 942 | _cBK | ||
| 999 |
_c41732 _d41732 |
||